|
|
|
|
| LEADER |
01037nam a2200265 i 4500 |
| 001 |
28794 |
| 003 |
BD-DhAAL |
| 005 |
20150111160819.0 |
| 008 |
150111r19561935nyu 000 1 eng |
| 010 |
|
|
|a 76028465
|
| 020 |
|
|
|a 0884114066
|
| 040 |
|
|
|a DLC
|c DLC
|d DLC
|d BD-DhAAL
|
| 050 |
0 |
0 |
|a PZ3.G1714
|b Cac9
|a PS3513.A6322
|
| 082 |
0 |
0 |
|a 813/.5/2
|
| 100 |
1 |
|
|a Gardner, Erle Stanley,
|d 1889-1970.
|9 6851
|
| 245 |
1 |
4 |
|a The case of the counterfeit eye /
|c Erle Stanley Gardner.
|
| 260 |
|
|
|a Mattituck, N.Y. :
|b Aeonian Press,
|c 1956, c1935.
|
| 300 |
|
|
|a 201 p. ;
|c 20 cm.
|
| 541 |
|
|
|e 28794
|
| 650 |
|
0 |
|a Mason, Perry (Fictitious character)
|x Fiction.
|9 6852
|
| 655 |
|
7 |
|a Detective and mystery stories.
|2 gsafd
|9 6854
|
| 655 |
|
7 |
|a Legal stories.
|2 gsafd
|9 6258
|
| 942 |
|
|
|2 ddc
|c BK
|
| 999 |
|
|
|c 33464
|d 33464
|
| 952 |
|
|
|0 0
|1 0
|2 ddc
|4 1
|6 813_520000000000000_GAR
|7 0
|9 44726
|a BRACUL
|b BRACUL
|c GEN
|d 2015-01-11
|e BRAC Institute of Language (BIL)
|l 2
|m 19
|o 813.52 GAR
|p 3010028794
|r 2025-11-18
|s 2025-07-23
|t 1
|w 2015-01-11
|y BK
|x Transferred from BIL to BRACUL on 06/06/22
|